| 000 | 00860nam a2200133Ia 4500 | ||
|---|---|---|---|
| 008 | 220615s9999||||xx |||||||||||||| ||und|| | ||
| 020 | _a9780260000000 | ||
| 100 | _aTekinbas, Katie Salen||Torres, Robert||Wolozin, Loretta||Rufo-Tepper, Rebecca||Shapiro, Arana | ||
| 245 | 0 |
_aQuest to Learn _bDeveloping the School for Digital Kids |
|
| 546 | _aEnglish[eng] | ||
| 650 | _ainnovation||education innovation||hands on learning||educational games||learning games||primary education||primary school||secondary education||secondary school||middle school||high school||alternative schooling||game-based learning||game-based teaching||alternative education||public schools||New York schools||New York City schools||NYC schools||Q2L||curriculum map||budget||creative schools||games and learning | ||
| 856 | _uhttps://doi.org/10.7551/mitpress/8909.001.0001 | ||
| 942 | _cEB | ||
| 999 |
_c14875 _d14875 |
||